=LDR 00000nam 2200000 4500 =001 INLIS000000000009014 =005 20130612100835 =008 ***********************************Ind** =035 ##$$0010-061300000009014 =041 ##$$a Ind =082 ##$$a 362.2 =090 ##$$a 362.2, Pan-p =245 ##$$a Pancaran sinar hati suci, olah napas, olah rasa, olah jiwa untuk kesehtan dan kedamaian =260 ##$$a 2001 $b Jakarta =300 ##$$a xi, 104 hlm., Ilus., 21 cm =650 ##$$a Kesehatan Jiwa =700 ##$$a Santosa, Budi =850 ##$$a NBPNMAT =990 ##$$a 17.807/2002 =990 ##$$a pancaran sinar hati suci